<?xml version="1.0" encoding="UTF-8"?>
<record
    xmlns:xsi="http://www.w3.org/2001/XMLSchema-instance"
    xsi:schemaLocation="http://www.loc.gov/MARC21/slim http://www.loc.gov/standards/marcxml/schema/MARC21slim.xsd"
    xmlns="http://www.loc.gov/MARC21/slim">

  <leader>01078nam a22001577a 4500</leader>
  <controlfield tag="008">111207t        xxu||||| |||| 00| 0 eng d</controlfield>
  <datafield tag="050" ind1=" " ind2=" ">
    <subfield code="a">HB135.S24</subfield>
  </datafield>
  <datafield tag="100" ind1=" " ind2=" ">
    <subfield code="a">Gibbs, Willard J.</subfield>
  </datafield>
  <datafield tag="245" ind1=" " ind2=" ">
    <subfield code="a">Foundations of economic analysis: mathematics is a language /</subfield>
    <subfield code="c">J. Willard Gibbs</subfield>
  </datafield>
  <datafield tag="260" ind1=" " ind2=" ">
    <subfield code="a">New York:</subfield>
    <subfield code="b">Atheneum,</subfield>
    <subfield code="c">c1972.</subfield>
  </datafield>
  <datafield tag="300" ind1=" " ind2=" ">
    <subfield code="a">xx,447 p.:</subfield>
    <subfield code="b">ill,</subfield>
    <subfield code="c">21cm.</subfield>
  </datafield>
  <datafield tag="500" ind1=" " ind2=" ">
    <subfield code="a">Includes index.</subfield>
  </datafield>
  <datafield tag="505" ind1=" " ind2=" ">
    <subfield code="a">Contents: Introduction -- Equilibrium systems and comparative statics -- The Theory of maximizing behaviour -- A Comprehensive restatement of the theory of cost and production -- The Pure theory of consumer's behaviour -- Transformations, composite commodities, and rationing -- Some special aspects of the theory of consumer's behaviour -- Welfare economics -- The Stability of equilibrium: Comparative statics and dynamics -- The Stability of equilibrium: Linear and non-linear  systems -- Some fundamentals of dynamical theory -- Conclusion -- Mathematical appendix A -- Mathematical Appendix B: Difference equations.</subfield>
  </datafield>
  <datafield tag="650" ind1=" " ind2=" ">
    <subfield code="a">Economics, mathematics</subfield>
  </datafield>
  <datafield tag="942" ind1=" " ind2=" ">
    <subfield code="2">lcc</subfield>
    <subfield code="c">BK</subfield>
  </datafield>
  <datafield tag="999" ind1=" " ind2=" ">
    <subfield code="c">330</subfield>
    <subfield code="d">7830</subfield>
  </datafield>
  <datafield tag="952" ind1=" " ind2=" ">
    <subfield code="0">0</subfield>
    <subfield code="1">0</subfield>
    <subfield code="2">lcc</subfield>
    <subfield code="4">0</subfield>
    <subfield code="7">0</subfield>
    <subfield code="a">WIUC-1</subfield>
    <subfield code="b">WIUC-1</subfield>
    <subfield code="c">GEN</subfield>
    <subfield code="d">2011-12-07</subfield>
    <subfield code="l">0</subfield>
    <subfield code="o">HB135.S24</subfield>
    <subfield code="p">762/11</subfield>
    <subfield code="r">2011-12-07 00:00:00</subfield>
    <subfield code="w">2011-12-07</subfield>
    <subfield code="y">BK</subfield>
  </datafield>
</record>
